Κατάλογος Βιβλιοθηκών Mediterranean College

Εφαρμογές Οπλισμένου Σκυροδέματος / Σύμφωνα με τον Νέο Κανονισμό Σκυροδέματος: Πίνακες Έκδοση 2.0 (Record no. 3663)

MARC details
000 -LEADER
fixed length control field 02598cam a22002054a 4500
005 - ΗΜΕΡΟΜΗΝΙΑ ΚΑΙ ΩΡΑ ΤΕΛΕΥΤΑΙΑΣ ΕΝΗΜΕΡΩΣΗΣ
Πεδίο ελέγχου 20250605164121.0
008 - FIXED-LENGTH DATA ELEMENTS--GENERAL INFORMATION
Πεδίο ελέγχου σταθερού μήκους 250528s ||||||||||||||||||||||||d
035 ## - SYSTEM CONTROL NUMBER
System control number 18297
020 ## - ISBN
ISBN 9609024661
040 ## - ΠΗΓΗ ΚΑΤΑΛΟΓΟΓΡΑΦΗΣΗΣ
Φορέας πρωτότυπης καταλογογράφησης MC Athens Campus Library
Γλώσσα καταλογογράφησης Ελληνικά, Μοντέρνα (1453-)
Modifying agency MC Athens Campus Library
Κανόνες περιγραφικής καταλογογράφησης AACR2
245 1# - ΤΙΤΛΟΣ ΚΑΙ ΔΗΛΩΣΗ ΥΠΕΥΘΥΝΟΤΗΤΑΣ
Τίτλος Εφαρμογές Οπλισμένου Σκυροδέματος / Σύμφωνα με τον Νέο Κανονισμό Σκυροδέματος: Πίνακες Έκδοση 2.0
260 ## - PUBLICATION, DISTRIBUTION, ETC.
Name of publisher, distributor, etc. Π-Systems International A.E.B.E.Λ,
Date of publication, distribution, etc. 1994
300 ## - PHYSICAL DESCRIPTION
Extent 282
505 0# - FORMATTED CONTENTS NOTE
Formatted contents note Συνεργαζομενο Πλάτος Πλακοδοκού, Ποιότητες και Συντελεστές Ασφαλείας Σκυροδέματος, Τέμνουσα Αντοχής Δοκών από Συνδετήρες, Οριακές Ροπές Σχεδιασμού Ορθογωνικών Διατομών Δοκών, Πίνακες ΕΜΠ για τον Σχεδιασμό Ορθογωνικών Διατομών υπό Κάμψη με ή Χωρίς Ορθή Δύναμη, Μονοαξονική Κάμψη και Συμμετρικός Οπλισμός, Διαξονική Κάμψη με Ορθή Δύναμη, Λυγισμός Κυκλικής Διατομής, Λυγισμός Τετραγωνικής Διατομής και Διαξονική Ένταση, Τετραέρειστες Πλάκες (κατά Marcus), Τετραέρειστες Πλάκες (κατά Cherny), Τριέρειστες Πλάκες, Διέρειστες ΠΛΑΚΕΣ.
520 ## - SUMMARY, ETC.
Summary, etc. Συνεργαζομενο Πλάτος Πλακοδοκού, Ποιότητες και Συντελεστές Ασφαλείας Σκυροδέματος, Τέμνουσα Αντοχής Δοκών από Συνδετήρες, Οριακές Ροπές Σχεδιασμού Ορθογωνικών Διατομών Δοκών, Πίνακες ΕΜΠ για τον Σχεδιασμό Ορθογωνικών Διατομών υπό Κάμψη με ή Χωρίς Ορθή Δύναμη, Μονοαξονική Κάμψη και Συμμετρικός Οπλισμός, Διαξονική Κάμψη με Ορθή Δύναμη, Λυγισμός Κυκλικής Διατομής, Λυγισμός Τετραγωνικής Διατομής και Διαξονική Ένταση, Τετραέρειστες Πλάκες (κατά Marcus), Τετραέρειστες Πλάκες (κατά Cherny), Τριέρειστες Πλάκες, Διέρειστες ΠΛΑΚΕΣ.
700 1# - ΠΡΟΣΘΕΤΗ ΑΝΑΓΡΑΦΗ--ΦΥΣΙΚΟ ΠΡΟΣΩΠΟ
Personal name Κωνσταντινίδης Απόστολος
9 (RLIN) 4572
942 ## - ADDED ENTRY ELEMENTS (KOHA)
Koha item type Books
Holdings
Τύπος τεκμηρίου Βιβλιοθήκη Τρέχουσα τοποθεσία Barcode Αριθμός εισαγωγής Ημερομηνία απόκτησης Ταξιθετικό σύμβολο Αριθμός αντιτύπου Κατάσταση απόσυρσης Κατάσταση χαμένου Κατάσταση κατεστραμμένου Μη δανεισμός Σύνολο δανεισμών Ημερομηνία τελευταίας εμφάνισης Η τιμή ισχύει από
Books MC Athens Campus Library MC Athens Campus Library 9780000036629 2884 05/06/2025 693.54 KON 1           05/06/2025 05/06/2025

MC Athens Campus Library
Πατησίων 94 & Κοδριγκτώνος 13, 104 34
Πελλήνης 8 & Πατησίων 107, 112 51
Τ: +30 210 8899600

MC Thessaloniki Campus Library
Ίωνος Δραγούμη 21, 54625 | Ίωνος Δραγούμη 15, 54625
Τ: +30 2310 287779 – Τ: +30 2314 440300